Immigration Estland - Statistiken

Allgemein
  • Dieses Quiz wurde 57 mal gespielt
  • Das Durchschnittsergebnis liegt bei 8 aus 10
Antwortstatistiken
Platz Land Anzahl % Korrekt
1. Russland 113.133
100%
5. Finnland 6.071
98%
4. Lettland 6.205
98%
8. Litauen 2.059
98%
2. Ukraine 26.357
94%
3. Weißrussland 10.258
88%
7. Deutschland 2.409
85%
6. Kasachstan 3.754
67%
9. Georgien 1.754
44%
10. Aserbaidschan 1.716
38%
Keine übereinstimmenden Quizze gefunden
Verteilung der Resultate
Anzahl Personen mit jedem Resultat
Perzentil nach korrekt beantworteten Fragen
Ihre Resultats-Entwicklung
Sie haben dieses Quiz noch nicht gespielt